LEADER 01155nam a2200253 i 4500 001 000000163235 003 CaOOAMICUS 005 20181022123132.0 008 070720s1969 it u000 u ita u 013 $a140599 040 $aSeMil$bita 245 10$aMedellin - Documenti :$bla Chiesa nella attuale trasformazione dell'America latina alla luce del conc. Vaticano 2. /$ca cura de Il Regno. 260 $aBologna :$bEDB,$ccopyr. 1969. 300 $a143 p. ;$c22 cm. 490 0 $aAttualitą [Dehoniane] ;$v5 650 4$aAmerica Latina - Chiesa - Documenti.$0(OLS)http://semarc/subject/21180 710 2 $aIl Regno .$0(OLS)http://semarc/name/2451 830 0$aAttualitą ;$v5.$0(OLS)http://semarc/title/419375 850 $aSeMil 852 $aSeMil$W1$xVenegono$y1$m2F III 470$j114537$B114537$CSeMilBibl$Z2$F125339 $81 961 $aRecupero: Seminario di Seveso 996 $6245$aMedellin - Documenti :$bla Chiesa nella attuale trasformazione dell'America latina alla luce del conc. Vaticano 2.$9(OLS)http://semarc/title/232866 996 $6260$aBologna :$bEDB$9(OLS)http://semarc/publisher/29669 LEADER 00720nam a2200193 i 4500 001 000000245631 003 CaOOAMICUS 005 20151012000000.0 008 151012s1831 it u000 u ita u 013 $a224536 040 $aSeMil$bita 245 10$aTomo 3. 300 $a303 p. 490 0 $aBiblioteca cristiana 773 0 $aCarron, Guy Toussaint Julien <1760-1821>$tConfessori della fede nella chiesa di Francia alla fine del secolo 18..$dMilano : Tipografia Pogliani, 1831.$g3$w()32650 830 0$aBiblioteca cristiana.$0(OLS)http://semarc/title/18216 850 $aSeMil 852 $aSeMil$W1$xVenegono$y1$m3H I 61 FA$j195977$B195977$CSeMilBibl$Z2$F206701 $8I 996 $6245$aTomo 3$9(OLS)http://semarc/title/53129 LEADER 00839nam a2200217 i 4500 001 000000258883 003 CaOOAMICUS 005 20220519124917.0 008 180618s1978 it u000 u ita u 013 $a237791 040 $aSeMil$bita 245 10$a1 /$cJean-Jacques Rousseau. 264 1$aMilano :$bBiblioteca Universale Rizzoli,$c1978. 300 $aLXVII, 302 p. :$bill., ritr. ;$c18 cm 773 0 $aRousseau, Jean-Jacques <1712-1778>$tConfessioni.$dMilano : Biblioteca Universale Rizzoli, 1978.$kBUR$g1$w()11818 850 $aSeMil 852 $aSeMil$W1$xVenegono$y1$m2Q I 119$j209228$B209228$CSeMilBibl$Z2$F223133 $81 961 $aOmaggio: Giacomoni Silvia 996 $6245$a1$9(OLS)http://semarc/title/46247 996 $6264$aMilano :$bBiblioteca Universale Rizzoli$9(OLS)http://semarc/publisher/31907 LEADER 01702nam a2200373 4500 001 000000348505 003 CaOOAMICUS 005 20250612144126.0 008 211115s2014 it a 000 u ita r 020 $a978-88-452-6834-2 040 $aSeMil$bita 100 1 $aTolkien, J. R. R.,$d<1892-1973>.$0(OLS)http://semarc/name/116565 240 14$aThe Hobbit :$bthere and back again.$0(OLS)http://semarc/title/437580 245 13$aLo Hobbit /$cJohn Ronald Reuel Tolkien ; traduzione di Caterina Ciuferri ; in collaborazione con Paolo Paron per la Societą Tolkieniana Italiana ; illustrazioni di Alan Lee. 250 $a10. ed. 264 1$aMilano :$bBompiani,$c2014. 300 $a410 p. :$bill. ;$c20 cm 490 1 $aI Libri di J. R. R. Tolkien 490 1 $aTascabili Bompiani ;$v1210 700 1 $aLee, Alan,$d<1947- >.$0(OLS)http://semarc/name/115015 700 1 $aParon, Paolo,$d<1955- >.$0(OLS)http://semarc/name/115014 700 1 $aCiuferri, Caterina.$0(OLS)http://semarc/name/115013 710 2 $aSocietą Tolkieniana Italiana.$0(OLS)http://semarc/name/90290 830 0$aTascabili Bompiani ;$v1210.$0(OLS)http://semarc/title/7395 830 2$aI libri di Tolkien.$0(OLS)http://semarc/title/454157 850 $aSeMil 852 $aSeMil$W1$xVenegono$y1$m1U III 93$j230941$B239576$CSeMilBibl$Z2$F239576 $81 900 1 $aTolkien, John Ronald Reuel. 961 $aPontiggia don Virginio - Omaggio 996 $6020$a978-88-452-6834-2$9(OLS)http://semarc/number/294566 996 $6245$aLo Hobbit$9(OLS)http://semarc/title/437910 996 $6264$aMilano :$bBompiani$9(OLS)http://semarc/publisher/29706 LEADER 00967nam a2200205 i 4500 001 000000253539 003 CaOOAMICUS 005 20170403000000.0 008 170403s1787 it u000 u ita u 013 $a232444 026 $atin- hie. a-er gnce (3) 1787 (A) 040 $aSeMil$bita 245 10$aLibro quarto parte seconda, che contiene la continuazione della storia d'Italia fin'al tempo presente. 300 $a[2], VI, 191, [1] p. 500 $aSegn.: a4 A-H12. 773 0 $tElementi di storia ad uso de' nobili convittori del Collegio Tolomei di Siena diretto da CC. RR. delle Scuole Pie. Libro 1. [-6.].$dSiena : Da' Torchj di Pazzini Carli, 1787.$g4$w()5001 850 $aSeMil 852 $aSeMil$W1$xVenegono$y1$m3S II 112 FA$j203885$B203885$CSeMilBibl$Z2$F217301 $8I 961 $aRecupero: Mantegazza 996 $6245$aLibro quarto parte seconda, che contiene la continuazione della storia d'Italia fin'al tempo presente$9(OLS)http://semarc/title/410632 LEADER 00834nam a2200217 i 4500 001 000000213576 003 CaOOAMICUS 005 20120529000000.0 008 120529s1935 it u000 u ita u 013 $a192431 040 $aSeMil$bita 100 1 $aCalcaterra, Carlo,$d<1884-1952>.$0(OLS)http://semarc/name/2338 245 13$aIl nostro imminente Risorgimento /$cCarlo Calcaterra. 260 $aTorino :$bSEI,$c1935. 300 $aXV, 651 p. ;$c24 cm. 490 0 $aNuova biblioteca italiana ;$v1 830 0$aNuova biblioteca italiana ;$v1.$0(OLS)http://semarc/title/20663 850 $aSeMil 852 $aSeMil$W1$xVenegono$y1$m3S V 145$j164006$B164006$CSeMilBibl$Z2$F175052 $81 996 $6245$aIl nostro imminente Risorgimento$9(OLS)http://semarc/title/307904 996 $6260$aTorino :$bSEI$9(OLS)http://semarc/publisher/29848 LEADER 00860nam a2200229 i 4500 001 000000035693 003 CaOOAMICUS 005 20120816000000.0 008 120816s1984 it u000 u ita u 013 $a4233 040 $aSeMil$bita 100 1 $aSironi, Umberto <1957->.$0(OLS)http://semarc/name/16710 245 10$aRenate attraverso i secoli /$cUmberto Sironi. 260 $aRenate :$bNuova Brianza,$c1984. 300 $a278 p. :$bill ;$c22 cm. 500 $aCon dedica autografa dell'autore. 650 4$aRenate.$0(OLS)http://semarc/subject/6601 850 $aSeMil 852 $aSeMil$W1$xVenegono$y1$m3P III 200$j1848$B1848$CSeMilBibl$Z2$F1848 $81 961 $aOmaggio: Citterio don Ferdinando 996 $6245$aRenate attraverso i secoli$9(OLS)http://semarc/title/49038 996 $6260$aRenate :$bNuova Brianza$9(OLS)http://semarc/publisher/39765